| 000 | 00532nam a22001817a 4500 | ||
|---|---|---|---|
| 005 | 20251108171844.0 | ||
| 008 | 250721s1982 xx 000 0 ara d | ||
| 082 | 1 | 4 | _aط/923.1/عبد |
| 100 | 1 | _aعويس، عبد الحليم | |
| 245 | 1 | 0 | _aساعات مع عمر بن الخطاب / |
| 264 | 1 |
_aتونس : _bدار بو سلامة، _c1982. |
|
| 300 | _a47ص | ||
| 490 | 0 | _aمن أعلام الإسلام | |
| 650 | 1 | 7 | _aعمر بن الخطاب |
| 700 | 1 | _aعاشور، مصطفى | |
| 942 |
_2ddc _cBK |
||
| 999 |
_c64370 _d64370 |
||